Vybrané charakteristiky maloobchodnej siete bakalárska práca

Salvato in:
Dettagli Bibliografici
Autore principale: Habžanská, Lucia
Ente Autore: Podnikovohospodárska fakulta EU so sídlom v Košiciach. Katedra marketingu a obchodu
Altri autori: Meteňko, Anton
Natura: Libro
Lingua:slovacco
Pubblicazione: Košice 2009
Tags: Aggiungi Tag
Nessun Tag, puoi essere il primo ad aggiungerne!!

MARC

LEADER 00000nam$a2200000$$$4500
001 0106408
005 20240319131839.7
041 0 |a slo 
044 |a SK 
245 1 0 |a Vybrané charakteristiky maloobchodnej siete  |b bakalárska práca  |c Lucia Habžanská ; škol. Anton Meteňko 
264 1 |a Košice  |c 2009 
300 |a 62 s. 
100 1 |a Habžanská, Lucia 
700 1 |a Meteňko, Anton 
710 2 |a Podnikovohospodárska fakulta EU so sídlom v Košiciach. Katedra marketingu a obchodu